000 00944nam a2200217Ii 4500
003 JO-AjNU
008 230605s9999||||xx |||||||||||||| ||und||
040 _aJO-AjNU
_bara
_erda
_cJO-AjNU
041 _aara
050 1 4 _aBP134 2002
100 3 _aتاليف أبو النور، محمد الأحمدي وآخرون,
_eauthor
_943697
245 0 0 _aأبحاث منتقاة من ندوة التشافي بالقرآن: دولة الكويت 26-28 جمادى الآخرة 1418 هجري 27-29 اكتوبر 1997
250 _aط1
264 3 1 _aالكويت: وزارة الاوقاف والشئون الاسلامية، 2002
300 _a430ص
336 _atext
_btxt
_2rdacontent
337 _aunmediated
_bn
_2rdamedia
338 _avolume
_bnc
_2rdacarrier
490 0 _aالندوة الفقهية الطبية حول التشافي بالقران الكريم
650 4 _aالقران - التشافي بالقران - ندوة
_943698
999 _aA18804
_c22372
_d22372